000 00415nam a2200157Ia 4500
008 240729s9999 xx 000 0 und d
022 _a2614-5111
245 0 _aIndoMath
260 _aIndonesia
260 _bUniversitas Sarjanawiyata Tamansiswa Yogyakarta
650 _a Mathematics
650 _aScience
856 _uhttps://doaj.org/toc/e5e188464cf84f1aae76e4fe82da474e
942 _2ddc
942 _cDOAJEJ
999 _c70094
_d70094
945 _a1
_bMadushi Gamage
_c1
_dMadushi Gamage